<?xml version="1.0" encoding="UTF-8"?>
<record
    xmlns:xsi="http://www.w3.org/2001/XMLSchema-instance"
    xsi:schemaLocation="http://www.loc.gov/MARC21/slim http://www.loc.gov/standards/marcxml/schema/MARC21slim.xsd"
    xmlns="http://www.loc.gov/MARC21/slim">

  <leader>02843nac a22002531u 4500</leader>
  <datafield tag="010" ind1=" " ind2=" ">
    <subfield code="a">  2002277541</subfield>
  </datafield>
  <datafield tag="020" ind1=" " ind2=" ">
    <subfield code="a">0761974105</subfield>
  </datafield>
  <datafield tag="020" ind1=" " ind2=" ">
    <subfield code="a">0761974113 (PBK.)</subfield>
  </datafield>
  <datafield tag="035" ind1=" " ind2=" ">
    <subfield code="a">(OCoLC)ocm48417780</subfield>
  </datafield>
  <datafield tag="082" ind1=" " ind2=" ">
    <subfield code="a">658.403</subfield>
    <subfield code="b">S1597</subfield>
  </datafield>
  <datafield tag="090" ind1=" " ind2=" ">
    <subfield code="c">4137</subfield>
    <subfield code="d">4137</subfield>
  </datafield>
  <datafield tag="100" ind1=" " ind2=" ">
    <subfield code="a">Salaman, Graeme              </subfield>
  </datafield>
  <datafield tag="245" ind1="0" ind2="0">
    <subfield code="a">Decision making for business :</subfield>
    <subfield code="b">a reader /</subfield>
    <subfield code="c">edited by Graeme Salaman.</subfield>
  </datafield>
  <datafield tag="260" ind1=" " ind2=" ">
    <subfield code="a">London :</subfield>
    <subfield code="b">SAGE,</subfield>
    <subfield code="c">2002</subfield>
  </datafield>
  <datafield tag="300" ind1=" " ind2=" ">
    <subfield code="a">xi, 278 p. ;</subfield>
    <subfield code="c">25 cm.</subfield>
  </datafield>
  <datafield tag="500" ind1=" " ind2=" ">
    <subfield code="a">Includes bibliographical references and index.</subfield>
  </datafield>
  <datafield tag="505" ind1="8" ind2=" ">
    <subfield code="a">Machine generated contents note: I -- I -- CHAPTER 1 -- A Perfect Failure: The Bay of Pigs -- Irving L. Janis -- CHAPTER 2 -- Anatomy of a Fatal Business Strategy -- Erhard K. Valentin -- CHAPTER 3 -- A Summary of Basic Concepts in the Behavioral Theory of the Firm -- Richard M. Cyert andJames G. March -- CHAPTER 4 -- Decision-making in Organizations -- Susan J. Miller, DavidJ. Hickson and David C. Wilson -- SECTION 2 Understanding Decision-making: -- Understanding Organizations -- CHAPTER 5 -- Decision-making as a Political Process -- Andrew M. Pettigrew -- CHAPTER 6 -- The Irrationality of Action and Action Rationality: Decisions, -- Ideologies and Organizational Actions -- Nils Brunsson -- CHAPTER 7 -- The Hospital and its Negotiated Order -- A. Strauss, L. Schatzman, D. Ehrlich, R. Bucher and M. Sabshin -- CHAPTER 8 -- The Practicalities of Rule Use -- Don Zimmerman -- SECTION 3 Thinking in Organizations -- CHAPTER 9 -- Strategic Management in an Enacted World -- Linda Smircich and Charles Stubbart -- CHAPTER 10 -- The Role of Managerial Learning and Interpretation in Strategic -- Persistence and Reorientation: An Empirical Exploration -- Theresa K. Lant, FrancesJ. Milliken, and Bipin Batra -- CHAPTER 11 -- The Cognitive Perspective on Strategic Decision-making -- Charles R. Schwenk -- CHAPTER 12 -- The Impact of Organizational Culture on Approaches to -- Organizational Problem-solving -- Paul Bate -- SECTION 4 The Societal Context of Organizational -- Decision-making -- CHAPTER 1 3 -- Organizational Forms: Can we Choose them? -- Nils Brunsson andJohan P Olsen -- CHAPTER 14 -- The Cult(ure) of the Customer -- Paul du Gay and Graeme Salaman -- CHAPTER 1 5 -- Managerialism and Social Welfare -- Janet Newman -- CHAPTER 16 -- From Decision to Action in Organizations: Decision-making as a -- Social Representation -- Herve Laroche -- Index.</subfield>
  </datafield>
  <datafield tag="650" ind1=" " ind2="0">
    <subfield code="a">Decision making.</subfield>
  </datafield>
  <datafield tag="700" ind1="1" ind2=" ">
    <subfield code="a">Salaman, Graeme.</subfield>
  </datafield>
  <datafield tag="856" ind1="4" ind2=" ">
    <subfield code="3">Table of Contents only</subfield>
    <subfield code="u">http://www.loc.gov/catdir/toc/fy02/2002277541.html</subfield>
  </datafield>
  <datafield tag="856" ind1="4" ind2=" ">
    <subfield code="3">Publisher description</subfield>
    <subfield code="u">http://www.loc.gov/catdir/enhancements/fy0657/2002277541-d.html</subfield>
  </datafield>
  <datafield tag="942" ind1=" " ind2=" ">
    <subfield code="c">BB</subfield>
    <subfield code="k">658.403 S15971</subfield>
  </datafield>
  <datafield tag="999" ind1=" " ind2=" ">
    <subfield code="c">4137</subfield>
    <subfield code="d">4137</subfield>
  </datafield>
  <datafield tag="952" ind1=" " ind2=" ">
    <subfield code="0">0</subfield>
    <subfield code="1">0</subfield>
    <subfield code="4">0</subfield>
    <subfield code="7">0</subfield>
    <subfield code="a">MAIN</subfield>
    <subfield code="b">MAIN</subfield>
    <subfield code="c">1ST</subfield>
    <subfield code="d">2007-08-22</subfield>
    <subfield code="e">Purchase</subfield>
    <subfield code="l">9</subfield>
    <subfield code="m">18</subfield>
    <subfield code="o">658.403 SAL</subfield>
    <subfield code="p">000000248</subfield>
    <subfield code="r">2025-07-15 00:00:00</subfield>
    <subfield code="s">2019-10-26</subfield>
    <subfield code="y">BB</subfield>
  </datafield>
</record>
